| 000 | 00910nam a22002537a 4500 | ||
|---|---|---|---|
| 005 | 20240530110451.0 | ||
| 008 | 150511s2011 ua g b 000 0 ara d | ||
| 017 |
_a2011/2303 _bمصر . دار الكتب المصرية |
||
| 020 | _a9789774312143 | ||
| 040 | _aEG-CaGPL | ||
| 082 | 0 | 4 |
_221 _a214\ _bح م |
| 100 | 0 | _aحسن على دبا | |
| 245 | 1 | 2 |
_aالموقف الثقافى الاسلامى الى اين / _cحسن على دبا |
| 250 | _aط1 | ||
| 260 |
_aالقاهرة : _bمؤسسة طيبة للنشر و التوزيع ، _c2011 . |
||
| 300 |
_a355 ص ؛ _c24 سم . |
||
| 504 | _aيشتمل على ارجاعات ببليوجرافية | ||
| 600 | 0 | 4 | _aصلاح الدين الايوبى |
| 650 | 0 | 4 | _aالثقافة الاسلامية |
| 650 | 0 | 4 | _aالعلمانية |
| 650 | 0 | 4 | _aالسيرة النبوية |
| 942 |
_2ddc _cBK |
||
| 999 |
_c61248 _d61248 |
||